00365nam a22001217a 4500082002500000100001600025245005200041260004600093300002200139526003700161526003700198650000800235 a796bGAMcL-32, P-23 aAuchinleck, aGames and sports in the services in indian 1945 aIndiabThe service of control boardc1945 axiv, 465 p.bill. a0b0c0d796_000000000000000_GAM a0b0c0d796_000000000000000_GAM aMCE